Noi, el albino

Noi es un chico de 17 años que vive en un pueblo de Islandia completamente aislado del mundo por la nieve y unas enormes montañas que lo rodean. Noi sueña con escapar de allí junto a Iris, una chica de ciudad que trabaja en una gasolinera y de la que está enamorado, pero sus torpes intentos de fuga...

Descripción completa

Guardado en:
Autor Principal: Kari, Dagur.
Otros Autores: Lemarquis, Tomas; reparto., Gunnarsson, Þröstur Leó ; reparto., Hansdóttir, Elín; reparto.
Formato: Deslizar
Idioma:Undetermined
Publicado: Islandia : Zik Zak Filmworks, 2003.
Series:Archivo fílmico pedagógico. Jóvenes y escuelas
Materias:
Etiquetas: Agregar Etiqueta
Sin Etiquetas, Sea el primero en etiquetar este registro!
LEADER 01311ngm a22002535a 4500
001 CEM.cems020951
008 240320s2003####mx#---############vlund#d
005 20240320204837.0
245 1 0 |a Noi, el albino  |h [videograbación] /  |c Dagur Kari. 
260 |a Islandia :  |b Zik Zak Filmworks,  |c 2003. 
300 |a 93'. 
490 1 |a Archivo fílmico pedagógico. Jóvenes y escuelas 
520 |a Noi es un chico de 17 años que vive en un pueblo de Islandia completamente aislado del mundo por la nieve y unas enormes montañas que lo rodean. Noi sueña con escapar de allí junto a Iris, una chica de ciudad que trabaja en una gasolinera y de la que está enamorado, pero sus torpes intentos de fuga siempre acaban en fracaso. Sólo un desastre natural romperá el universo de Noi y le abrirá una ventana al mundo exterior. 
590 |a Identificación anterior: 384 
538 |a Soporte: DVD 
500 |a Título original: Nói albínói- Idioma original: Islandés - Subtítulos en español. 
100 1 |a Kari, Dagur. 
700 1 |a Lemarquis, Tomas; reparto. 
700 1 |a Gunnarsson, Þröstur Leó ; reparto. 
700 1 |a Hansdóttir, Elín; reparto. 
653 |a LARGOMETRAJE 
653 |a DRAMA 
653 |a COMEDIA NEGRA 
859 |a CEMS  |b BIB. CEMS - Depto. Recursos Didacticos  |h 778.5  |i KAR  |k DRD  |p 3319.24  |t Ej.1